000 00320nam a2200133Ia 4500
008 190216s9999||||xx |||||||||||||| ||und||
100 _aJohn B.Conway
245 0 _aFunctions Of One Complex Variable
250 _a2nd Ed.
260 _bNarosa Pubs House
_c1973
300 _a316p
650 _aMathematics
942 _cBK
999 _c31634
_d31634